| 000 | 00625nam a2200169 4500 | ||
|---|---|---|---|
| 001 | 120019 | ||
| 003 | ES-MaACL | ||
| 005 | 20230906191441.0 | ||
| 007 | t| | ||
| 008 | 070214s1927 sp r ||||1| spa d | ||
| 100 | 1 |
_aPiña de Rubíes, Santiago. _992249 |
|
| 245 | 1 | 0 |
_aRayas nuevas del manganeso en el espectro de arco y rectificación del mismo entre 2500 y 2300 I. A. / _cpor S. Piña de Rubíes. |
| 260 |
_aMadrid : _b[s. n.], _c1927. |
||
| 300 |
_a5 h., 1 lám. ; _c22 cm. |
||
| 500 | _aEs tirada aprte de: Anales de la Sociedad Española de Física y Química, t. XXV, p. 494 - 502. | ||
| 852 |
_aES-MaACL _j1715-F-20 |
||
| 999 |
_c120019 _d120019 |
||